000 00404pab a2200157 454500
008 180718b2011 xxu||||| |||| 00| 0 eng d
100 _aMohanty, Chandra Talpade
245 _aImperial democracies, militarised zones, feminist engagements
260 _c2011
300 _ap.76-84.
362 _a26 Mar
650 _aEmpire
773 _aEconomic and Political Weekly
908 _aN
909 _a91152
999 _c91152
_d91152